ជីវិតក្មេងខាត់ស្បែកជើង / (Record no. 8515)

MARC details
000 -LEADER
fixed length control field 02877nam a22003137a 4500
001 - CONTROL NUMBER
control field 8515
003 - CONTROL NUMBER IDENTIFIER
control field FISKH
005 - DATE AND TIME OF LATEST TRANSACTION
control field 20250917103308.0
008 - FIXED-LENGTH DATA ELEMENTS--GENERAL INFORMATION
fixed length control field 250917b cb ||||| |||| 00| 0 eng d
020 ## - INTERNATIONAL STANDARD BOOK NUMBER
International Standard Book Number 9789996301810
040 ## - CATALOGING SOURCE
Original cataloging agency FISKH
Language of cataloging khr
Transcribing agency FISKH
Modifying agency FISKH
050 ## - LIBRARY OF CONGRESS CALL NUMBER
Classification number PZ7
082 ## - DEWEY DECIMAL CLASSIFICATION NUMBER
Classification number 920
100 ## - MAIN ENTRY--PERSONAL NAME
Personal name Dawn, Dim
245 ## - TITLE STATEMENT
Title ជីវិតក្មេងខាត់ស្បែកជើង /
Remainder of title Life of a kid who polished shoes /
Statement of responsibility, etc. និពន្ធដោយលោក ឌឹម ដន , ត្រួតពិនិត្យអក្ខរាវិរុទ្ធដោយ អ្នកស្រី គឹមស៊ុន​ សុធារី
260 ## - PUBLICATION, DISTRIBUTION, ETC.
Place of publication, distribution, etc. Phnom Penh :
Name of publisher, distributor, etc. Reading Books,
Date of publication, distribution, etc. 2013.
300 ## - PHYSICAL DESCRIPTION
Extent 24 pages :
Other physical details color illustrations ;
Dimensions 25 cm .
490 ## - SERIES STATEMENT
Series statement ពិភពរឿងនិទាន
505 ## - FORMATTED CONTENTS NOTE
Formatted contents note L <br/>
520 ## - SUMMARY, ETC.
Summary, etc. រឿងនេះបង្ហញពី រឿងរ៉ាវពិតខ្លះៗនៅក្នុងសង្គមខ្មែរ ដែលកុមារមួយចំនួនជាក្មេងក្រីក្រទុរគតដើរសុំទាន ដើររើសអេតចាយ ត្រូវបានគេរើសអើង។​ ក្នុងរឿងនេះដែរអ្នកនិពន្ធចង់បំផុសគំនិតអោយក្មេងទុរគតចេះតស៊ូព្យាយាម និងមានសេចក្តីថ្លៃថ្នូរទៀងត្រង់ដើម្បីអនាគតខ្លួន និងចេះអប់រំដល់ប្អូនៗកុមារអោយចេះស្រលាញ់កុមារដូចគ្នាដោយមិនរើសអើង មិនប្រកាន់វណ្ណះអ្វីឡើយ ព្រោះយើងជាកុលបុត្រខ្មែរដូចគ្នា ជាងនេះទៅទៀតជៀសវាងដាច់ខាតការសេពគប់គ្រឿងញៀន ហិតកាវជាដើម។
520 ## - SUMMARY, ETC.
Summary, etc. This story airms to show the existence of some real issues in current Cambodia society where some destiturte children engage in begging and scavenging and are discriminated. It also encourages the destitute children to strggle, endeavor, have dignity and honesty for their own future, aim to educate them to love and have friendship with one other without prejudice or discrimination, for they are Khmer children and educate to to avoid drug abuse .
521 8# - TARGET AUDIENCE NOTE
Target audience note 530 <br/>
Source Lexile estimate <br/>
521 8# - TARGET AUDIENCE NOTE
Target audience note L <br/>
Source Raz-Plus <br/>
650 ## - SUBJECT ADDED ENTRY--TOPICAL TERM
Topical term or geographic name entry element ជីវិតក្មេងខាត់ស្បែកជើង
Form subdivision រឿងនិទានកុមារ​
650 ## - SUBJECT ADDED ENTRY--TOPICAL TERM
Topical term or geographic name entry element Life of a kid who polishes shoes
Form subdivision Children's Story
700 ## - ADDED ENTRY--PERSONAL NAME
Personal name Saren, Koam
Relator term Illustrator
942 ## - ADDED ENTRY ELEMENTS (KOHA)
Source of classification or shelving scheme Dewey Decimal Classification
Koha item type Khmer Books
Suppress in OPAC No
Holdings
Withdrawn status Lost status Source of classification or shelving scheme Damaged status Not for loan Collection Home library Current library Shelving location Date acquired Total Checkouts Full call number Barcode Date last seen Copy number Price effective from Koha item type
    Dewey Decimal Classification     Khmer Language Books / សៀវភៅភាសាខ្មែរ Footprints International School Library Network Toul Tom Poung Campus Footprints International School Library Network Toul Tom Poung Campus TTP Primary Khmer Bookshelves 09/17/2025   DAW PZ7 920 FISTK04461 09/17/2025 1 09/17/2025 Khmer Books
    Dewey Decimal Classification     Khmer Language Books / សៀវភៅភាសាខ្មែរ Footprints International School Library Network Toul Tom Poung Campus Footprints International School Library Network Toul Tom Poung Campus TTP Primary Khmer Bookshelves 10/23/2025   DAW PZ7 920 FISBK03790 10/23/2025 2 10/23/2025 Khmer Books